Apni Talaash (Record no. 529932)
[ view plain ]
| 000 -LEADER | |
|---|---|
| fixed length control field | 00199nam a2200097 4500 |
| 040 ## - CATALOGING SOURCE | |
| Transcribing agency | DLC |
| 082 ## - DEWEY DECIMAL CLASSIFICATION NUMBER | |
| Classification number | 150.1986 |
| Author Mark | SHA |
| 100 ## - MAIN ENTRY--PERSONAL NAME | |
| Personal name | Shah, Qasim Ali |
| 9 (RLIN) | 12591 |
| 245 ## - TITLE STATEMENT | |
| Title | Apni Talaash |
| 942 ## - ADDED ENTRY ELEMENTS (KOHA) | |
| Source of classification or shelving scheme | |
| Koha item type | Book |
| Withdrawn status | Lost status | Source of classification or shelving scheme | Damaged status | Not for loan | Permanent Location | Current Location | Date acquired | Total Checkouts | Total Renewals | Full call number | Barcode | Date last seen | Date last checked out | Price effective from | Koha item type |
|---|---|---|---|---|---|---|---|---|---|---|---|---|---|---|---|
| School of Civil and Environmental Engineering (SCEE) | School of Civil and Environmental Engineering (SCEE) | 10/07/2019 | 3 | 1 | 150.1986 SHA | NIT-12970 | 06/02/2023 | 12/07/2022 | 10/07/2019 | Book |
